|
|
|
|
| LEADER |
00000nam0a2200000 4500 |
| 001 |
163058 |
| 005 |
20231031160654.0 |
| 035 |
|
|
|a (RuTPU)RU\TPU\book\176868
|
| 090 |
|
|
|a 163058
|
| 100 |
|
|
|a 20090703e1990 c y0rusy50 ca
|
| 101 |
0 |
|
|a rus
|
| 102 |
|
|
|a RU
|
| 105 |
|
|
|a a w 000zy
|
| 200 |
1 |
|
|a Первая книжка по Закону Божию для детей
|f сост. А. Маляревский ; авт. предисл. В. К. Зиборов
|
| 205 |
|
|
|a Репр. изд.
|
| 210 |
|
|
|a СПб.
|c Редактор
|d 1990
|
| 215 |
|
|
|a 74 с.
|c 34 рис.
|d 24 см.
|
| 300 |
|
|
|a Репринтное воспроизведение издания 1901 г.. Типография Спб. акцион. общ. печ. дела в России Е. Евдокимов.
|
| 610 |
1 |
|
|a религия
|
| 610 |
1 |
|
|a христианство
|
| 610 |
1 |
|
|a детская литература
|
| 686 |
|
|
|a Э37-2
|v LBC/SL-A
|2 rubbk
|
| 686 |
|
|
|a Ч611.68
|v LBC/SL-A
|2 rubbk
|
| 702 |
|
1 |
|a Маляревский
|b А.
|c Протоиерей
|4 220
|
| 702 |
|
1 |
|a Зиборов
|b В. К.
|4 080
|
| 801 |
|
1 |
|a RU
|b 63413507
|c 20090703
|g PSBO
|
| 801 |
|
2 |
|a RU
|b 63413507
|c 20090901
|g PSBO
|
| 942 |
|
|
|c BK
|